01183 2200205 4500001002100000005001500021035002000036007000300056008004100059020002200100082001400122084002000136100002900156245006900185260004000254300005000294700002400344520059400368600001500962INLIS00000000000234620260410095801 a0010-0426000024ta260410 j 1 ind  a978-602-6234-07-0 a899.221.3 a899.221.3 TRI a0 aTria Ayu K ( Pengarang )1 aAletta dan kerajaan sayur - mayur /cTria Ayu K; editor, D.Liana aSemarang :bTiga media prima,c2020 a80 hlm :biIus,bergambar,hitam putih ;c21 cm0 aD. Liana ( Editor ) a"Tahu tidak, wahai Sayur-Mayur," bisik Aletta, "Mama suka bikin makanan yang aneh-aneh. Membuatku semakin tidak menyukai kalian, yaik!" Kulkas mendadak hening. Sayur-mayur terkesiap. Mereka saling berpandangan, lalu menatap Aletta dengan nanar. Perkataan yang tajam dari mulut mungil Aletta membuat hati sayur-mayur sakit. Tak pernah mereka merasa tak seberguna itu. Sayur-mayur patah hati. Pengorbanan mereka merasa tidak dihargai. Sebuah rencana disusun dengan saksama. Sang Penyebar Pesan telah dipilih. Tinggal tunggu waktunya, saat sayur-mayur serentak melakukan aksi pemberontakan. 4aFiksi anak